00712cam a2200217 450000100060000000300080000600500170001400800410003103500190007204000230009104100110011408200230012510000630014824500760021126000520028730000300033949000330036950000270040250000380042965100270046722572BD-RjUL20211209000825.0140308s1957 ru c 000 1 eng  a(BD-RjUL)22637 aDLCcDLCdDLCbeng1 aengrus00a891.7344bKAH 19571 aKazakevich, Ėmmanuil,d1913-1962qĖmmanuil Kazakevich.14aThe house on the square /cTranslated from the Russian by Martin Parker aMoscow :bForeign Languages Pub. House ,c1957. a519 p. :bport. ;c20 cm.0 aLibrary of Soviet literature aAdded t.p. in Russian. aTranslation of Dom na ploshchadi. 0aSoviet UnionxFiction.